PRINCIPLES OF ECONOMICS (Record no. 73724)

MARC details
000 -LEADER
fixed length control field 00462nam a2200193Ia 4500
003 - CONTROL NUMBER IDENTIFIER
control field OSt
005 - DATE AND TIME OF LATEST TRANSACTION
control field 20260429092451.0
020 ## - INTERNATIONAL STANDARD BOOK NUMBER
International Standard Book Number 978-1-285-55443-3
040 ## - CATALOGING SOURCE
Transcribing agency LIBRARY OF CONGRESS
050 ## - LIBRARY OF CONGRESS CALL NUMBER
Classification number HB 171.5 .T83 2014
100 ## - MAIN ENTRY--PERSONAL NAME
Personal name TUCKER, IRVIN B.
245 #0 - TITLE STATEMENT
Title PRINCIPLES OF ECONOMICS
250 ## - EDITION STATEMENT
Edition statement 8
260 ## - PUBLICATION, DISTRIBUTION, ETC.
Place of publication, distribution, etc. MASON,OHIO
Name of publisher, distributor, etc. CENGAGE LEARNING
Date of publication, distribution, etc. 2014
300 ## - PHYSICAL DESCRIPTION
Extent XXXI,912P.:ILL
500 ## - GENERAL NOTE
General note INCLUDES AN INDEX
600 ## - SUBJECT ADDED ENTRY--PERSONAL NAME
Personal name ECONOMICS
942 ## - ADDED ENTRY ELEMENTS (KOHA)
Koha item type Long Loan Book
Source of classification or shelving scheme Library of Congress Classification
Holdings
Withdrawn status Lost status Source of classification or shelving scheme Damaged status Not for loan Collection Home library Current library Shelving location Date acquired Inventory number Total checkouts Full call number Barcode Date last seen Copy number Price effective from Koha item type
    Library of Congress Classification     Business & Economics Kisii University Library Kisii University Library On Display 04/29/2026 92375   HB 171.5 .T83 2014 039780 04/29/2026 1 04/29/2026 Long Loan Book